Geografía económica: la lógica espacial del capitalismo global

Furkejuvvon:
Bibliográfalaš dieđut
Váldodahkki: Méndez Gutiérrez del Valle, Ricardo (autor)
Materiálatiipa: Girji
Giella:espánnjágiella
Almmustuhtton: Barcelona Ariel 1997
Ráidu:Ariel Geografía
Fáttát:
Fáddágilkorat: Lasit fáddágilkoriid
Eai fáddágilkorat, Lasit vuosttaš fáddágilkora!

MARC

LEADER 00000nam a2200000 a 4500
001 UCN9404
003 CL-VaPUC
008 011207e19971000SP |||||||||||||||||spa|d
082 0 4 |a 330.9  |b MEN  |2 21 
100 |a Méndez Gutiérrez del Valle, Ricardo  |e autor  |9 466577 
245 1 0 |a Geografía económica: la lógica espacial del capitalismo global 
300 |a 384 p 
942 |c BK 
945 |d 20011207 00:00:00  |a vberengu 
260 |a Barcelona  |b Ariel  |c 1997 
500 |a ALGUNOS EJEMPLARES EN INST.DE GEOGRAFIA POR PROY.MINEDUC 
650 0 |a Geografía económica   |9 267757 
650 0 |a Economía   |9 255568 
650 0 |a Actividad económica   |9 404494 
650 7 |a GLOBALIZACION - ECONOMIA  |2 CL-VaPUC  |9 462295 
650 7 |a INNOVACIONES TECNOLOGICAS  |2 CL-VaPUC  |9 466014 
583 |a last modification  |c 20011207 00:00:00  |k Rodrigo Vera 
490 0 |a Ariel Geografía 
999 |c 298839  |d 298837 
952 |0 0  |1 0  |4 0  |6 330_900000000000000_MEN_1997  |7 0  |8 A  |9 354783  |a BIBING  |b BIBING  |d 2019-11-21  |i 378150K  |o 330.9 MEN 1997  |p 378150K  |r 2025-01-20  |w 2019-11-21  |y BK  |k GEO 
952 |0 0  |1 0  |4 0  |6 330_900000000000000_MEN_1997  |7 0  |8 A  |9 354784  |a BIBING  |b BIBING  |d 2019-11-21  |i 379685K  |o 330.9 MEN 1997  |p 379685K  |r 2025-01-20  |w 2019-11-21  |y BK  |k GEO